UBT Library

Anatomy, physiology & disease : (Record no. 42009)

000 -LEADER
fixed length control field 00804cam a2200253 a 4500
001 - CONTROL NUMBER
control field 17153525
005 - DATE AND TIME OF LATEST TRANSACTION
control field 20180207065644.0
008 - FIXED-LENGTH DATA ELEMENTS--GENERAL INFORMATION
fixed length control field 120208s2013 njua p 001 0 eng
010 ## - LIBRARY OF CONGRESS CONTROL NUMBER
LC control number 2011052893
020 ## - INTERNATIONAL STANDARD BOOK NUMBER
International Standard Book Number 9780132865661 (pbk. )
020 ## - INTERNATIONAL STANDARD BOOK NUMBER
International Standard Book Number 0132865661 (pbk.)
040 ## - CATALOGING SOURCE
Original cataloging agency DLC
Transcribing agency DLC
Modifying agency DLC
041 ## - LANGUAGE CODE
Language code of text/sound track or separate title eng
042 ## - AUTHENTICATION CODE
Authentication code pcc
080 ## - UNIVERSAL DECIMAL CLASSIFICATION NUMBER
Universal Decimal Classification number 612.007 COL
082 00 - DEWEY DECIMAL CLASSIFICATION NUMBER
Classification number 612.007 COL
Edition number 23
100 1# - Rafti
Rafti 7
101 ## - Shkurtesa
Shkurtesa ANA
245 10 - TITLE STATEMENT
Title Anatomy, physiology & disease :
Statement of responsibility, etc Bruce J. Colbert, Jeff Ankney, Karen T. Lee.
246 3# - VARYING FORM OF TITLE
Title proper/short title Anatomy, physiology, and disease
906 ## - LOCAL DATA ELEMENT F, LDF (RLIN)
a 7
b cbc
c orignew
d 1
e ecip
f 20
g y-gencatlg
942 ## - ADDED ENTRY ELEMENTS (KOHA)
Source of classification or shelving scheme
Item type Books
Holdings
Withdrawn status Lost status Source of classification or shelving scheme Damaged status Not for loan Collection code Permanent location Current location Shelving location Date acquired Total Checkouts Full call number Barcode Date last seen Price effective from Koha item type
          Koleksioni i përgjithshem UBT - Lipjan UBT - Lipjan Koleksioni i përgjithshem 02/07/2018   612.007 COL 002-2999030 02/07/2018 02/07/2018 Books
UBT Library © 2015-2024. All rights reserved University Education for Business and Technology